| 000 | 00635nam a2200205 a 4500 | ||
|---|---|---|---|
| 001 | 000018702 | ||
| 005 | 20240412074248.0 | ||
| 008 | 100514s2010 dr 000 p spa d | ||
| 020 | _a9789945460605 | ||
| 040 |
_aDO-SdBNP _bspa _cBNPHU |
||
| 082 |
_aRD861.5 _bF224p |
||
| 100 | 1 |
_aFarías Santos, Elvis Antonio, _d1983- _940369 |
|
| 245 | 1 | 0 |
_aPoemas de amor / _cElvis Antonio Farías Santos. |
| 260 |
_aSanto Domingo : _bBúho, _c2010. |
||
| 300 |
_a100 p. ; _c22 cm. |
||
| 590 | _aInventariado, 2019 / DG | ||
| 650 | 0 |
_aPoesía dominicana _966 |
|
| 650 | 0 |
_aLiteratura dominicana. _967 |
|
| 910 | _aValidado. Control de calidad BNPHU | ||
| 999 |
_c18222 _d18222 |
||